Library Banner

Nurse as educator : (Record no. 139843)

MARC details
000 -LEADER
fixed length control field 00519nam a22001697a 4500
005 - DATE AND TIME OF LATEST TRANSACTION
control field 20260223103648.0
008 - FIXED-LENGTH DATA ELEMENTS--GENERAL INFORMATION
fixed length control field 260223b |||||||| |||| 00| 0 eng d
020 ## - INTERNATIONAL STANDARD BOOK NUMBER
International Standard Book Number 9781284229271 (pbk)
040 ## - CATALOGING SOURCE
Transcribing agency PK-LaUMT
082 ## - DEWEY DECIMAL CLASSIFICATION NUMBER
Classification number 610.73
Item number BAS-N
100 B# - MAIN ENTRY--PERSONAL NAME
Personal name Bastable, Susan B.
245 ## - TITLE STATEMENT
Title Nurse as educator :
Remainder of title principles of teaching and learning for nursing practice /
Statement of responsibility, etc by Susan B. Bastable
250 ## - EDITION STATEMENT
Edition statement 6th ed.
260 ## - PUBLICATION, DISTRIBUTION, ETC. (IMPRINT)
Place of publication, distribution, etc Birlington :
Name of publisher, distributor, etc Jones & Bartlett Learning,
Date of publication, distribution, etc 2023
300 ## - PHYSICAL DESCRIPTION
Extent 725 p.
942 ## - ADDED ENTRY ELEMENTS (KOHA)
Koha item type Books
Holdings
Withdrawn status Lost status Damaged status Home library Current library Date acquired Full call number Barcode Date last seen Price effective from Koha item type
      UMT Health Sciences Campus UMT Health Sciences Campus 2026-02-23 610.73 BAS-N 151992 2026-02-23 2026-02-23 Books